[Event "C.to Europeo U12"]
[Site "Albena BUL"]
[Date "2011.09.11"]
[Round "1"]
[White "Arbore, Daniele"]
[Black "Kovalev, Egor"]
[Result "0-1"]
[WhiteElo "1617"]
[BlackElo "1922"]
[PlyCount "52"]
[EventDate "2011.09.11"]

1. e4 e6 2. d4 d5 3. e5 c5 4. c3 Nc6 5. Be3 Qb6 6. b3 cxd4 7. Bxd4 Nxd4 8. Qxd4
Bc5 9. Qd2 a5 10. Nf3 Ne7 11. Bd3 Bd7 12. O-O O-O 13. Nd4 Ng6 14. Qe3 Ne7 15.
Qh3 h6 16. Qg4 Bxd4 17. cxd4 Nc6 18. Rd1 Nxd4 19. Bh7+ Kxh7 20. Rxd4 Rac8 21.
Nd2 Rc2 22. Ne4 Rfc8 23. Nd6 Rxa2 24. Nxc8 Rxa1+ 25. Rd1 Rxd1+ 26. Qxd1 Bxc8
0-1

[Event "C.to Europeo U12"]
[Site "Albena BUL"]
[Date "2011.09.12"]
[Round "2"]
[White "Uksini, Bardhyl"]
[Black "Carnicelli, Valerio"]
[Result "1-0"]
[WhiteElo "1790"]
[BlackElo "1909"]
[PlyCount "81"]
[EventDate "2011.09.11"]

1. d4 d5 2. c4 c6 3. Nc3 Nf6 4. Nf3 e6 5. Bg5 dxc4 6. e4 b5 7. e5 h6 8. Bh4 g5
9. Nxg5 hxg5 10. Bxg5 Nbd7 11. g3 Qa5 12. exf6 b4 13. Ne4 Ba6 14. Qc1 Qd5 15.
Bg2 c3 16. Be3 e5 17. bxc3 bxc3 18. Qxc3 Rb8 19. a3 Rb3 20. Qc2 Bd3 21. Nd6+
Bxd6 22. Bxd5 Bxc2 23. Bxb3 Bxb3 24. Kd2 Bd5 25. Rhe1 Rxh2 26. dxe5 Bc7 27. Kc2
a6 28. g4 Rh4 29. f4 Rh3 30. g5 Be4+ 31. Kc3 Bb6 32. Kd2 Ba5+ 33. Ke2 Rh2+ 34.
Bf2 Bxe1 35. Rxe1 Nc5 36. Ke3 Rxf2 37. Kxf2 Nd3+ 38. Ke3 Nxe1 39. Kxe4 Nc2 40.
f5 Nxa3 41. g6 1-0

[Event "C.to Europeo U12"]
[Site "Albena BUL"]
[Date "2011.09.14"]
[Round "4"]
[White "Ivanov, Platon-Jaan"]
[Black "Carnicelli, Valerio"]
[Result "0-1"]
[WhiteElo "1715"]
[BlackElo "1909"]
[PlyCount "60"]
[EventDate "2011.09.11"]

1. d4 d5 2. Nf3 e6 3. e3 Nf6 4. Bd3 c5 5. b3 Nc6 6. Bb2 Bd6 7. O-O O-O 8. a3 b6
9. Nbd2 Bb7 10. Ne5 Rc8 11. f4 Ne7 12. Qf3 b5 13. c3 a6 14. g4 c4 15. Bc2 cxb3
16. Bd3 Ne4 17. Nxe4 dxe4 18. Bxe4 Bxe4 19. Qxe4 Bxe5 20. dxe5 Qd5 21. Qd4 Qxd4
22. exd4 Nd5 23. a4 Ne3 24. Rf2 Nc2 25. Rc1 bxa4 26. Rcxc2 bxc2 27. Rxc2 Rb8
28. Ba3 Rfc8 29. Bc5 Rb1+ 30. Kf2 Rcb8 0-1

[Event "C.to Europeo U12"]
[Site "Albena BUL"]
[Date "2011.09.15"]
[Round "5"]
[White "Carnicelli, Valerio"]
[Black "Shahaliyev, Ismayil Bahram Oglu"]
[Result "0-1"]
[WhiteElo "1909"]
[BlackElo "1821"]
[PlyCount "52"]
[EventDate "2011.09.11"]

1. e4 c5 2. Nf3 d6 3. d4 cxd4 4. Nxd4 Nf6 5. Nc3 g6 6. f3 Bg7 7. Be3 O-O 8. Bc4
Nc6 9. Qd2 Nd7 10. O-O-O Na5 11. Bb3 Nb6 12. Qd3 Bd7 13. h4 Rc8 14. h5 Nbc4 15.
hxg6 fxg6 16. Bg5 b5 17. Kb1 Rf7 18. g4 Qf8 19. Rh2 Rc5 20. Bc1 Nxb3 21. axb3
Ne5 22. Qe2 Nxf3 23. Nxf3 Bxg4 24. Qf2 Bxf3 25. Rg1 Bxe4 26. Qh4 Rh5 0-1

[Event "C.to Europeo U12"]
[Site "Albena BUL"]
[Date "2011.09.17"]
[Round "6"]
[White "Walter, Szymon"]
[Black "Carnicelli, Valerio"]
[Result "1-0"]
[WhiteElo "1703"]
[BlackElo "1909"]
[PlyCount "79"]
[EventDate "2011.09.11"]

1. e4 e5 2. Nf3 Nc6 3. d4 exd4 4. Bc4 Nf6 5. e5 d5 6. Bb5 Ne4 7. Nxd4 Bc5 8.
O-O O-O 9. Bxc6 bxc6 10. Be3 Bd7 11. f3 Ng5 12. f4 Ne4 13. Nd2 Nxd2 14. Qxd2
Bb6 15. Nb3 Qe7 16. Qc3 f6 17. Bc5 fxe5 18. fxe5 Rxf1+ 19. Rxf1 Rf8 20. Rxf8+
Qxf8 21. Qe3 Qf5 22. Bxb6 cxb6 23. Nd4 Qe4 24. Qxe4 dxe4 25. Kf2 c5 26. e6 Bc8
27. Nc6 Bxe6 28. Nxa7 Bxa2 29. Ke3 Bf7 30. Nc8 b5 31. Nd6 b4 32. Nxe4 Bd5 33.
Nxc5 Bxg2 34. Nd3 b3 35. c4 g5 36. Nc5 Bf1 37. Kd4 h5 38. Nxb3 h4 39. Nd2 Bg2
40. Ne4 1-0